Największe miasta jako procent ich kontynentu - Statystyki

Ogólne statystyki
  • Ten quiz został rozwiązany 3 656 razy
    3 471 od ostatniego zresetowania
  • Średni wynik to 17 z 37
Statystyki odpowiedzi
% Miasto % Poprawnych
11,07 Sydney
87%
2,92 Moskwa
86%
2,28 Londyn
85%
3,66 Nowy Jork
83%
1,76 Paryż
81%
2,86 Los Angeles
70%
2,85 Rio de Janeiro
67%
1,02 Madryt
66%
4,17 Meksyk
66%
3,81 Buenos Aires
63%
1,56 Kair
62%
2,43 Stambuł
58%
11,12 Melbourne
56%
1,60 Chicago
53%
5,04 São Paulo
52%
2,37 Bogota
50%
2,69 Lima
48%
5,01 Perth
47%
1,88 Santiago
44%
1,42 Waszyngton
44%
1,28 Toronto
42%
3,29 Auckland
38%
1,45 Lagos
38%
1,05 Miami
38%
1,24 San Francisco
38%
1,01 Johannesburg
32%
7,45 Brisbane / Gold Coast
29%
1,27 Dallas
28%
1,28 Boston
26%
1,08 Kinszasa
26%
1,17 Houston
25%
3,16 Adelaide
22%
1,47 Kanton
20%
1,25 Filadelfia
19%
1,01 Atlanta
16%
1,12 Belo Horizonte
11%
2,21 Honolulu
4%
Nie znaleziono quizów pasujących do podanych kryteriów
Rozkład punktacji
Procent ludzi z każdym wynikiem
Percentyl według liczby udzielonych odpowiedzi
Twoja historia wyników
Nie rozwiązałeś tego quizu od ostatniego zresetowania